random biochem (amino acids and lipids) - Statistics

General Stats
  • This quiz has been taken 96 times
  • The average score is 4 of 15
Answer Stats
Hint Answer % Correct
what is defined as the concentration of free protons (h+) in a solution ? pH
90%
what do enzymes lower ? activation energy
65%
the fact that saturated fatty acids are linear means that they are .... at room temperature solid
58%
what is the measure of acid strength ? pKa
47%
what is the name of the protein that helps with protein folding chaperone
30%
what is the name of an enzyme with 2 sub units? dimer
28%
what are the different regions of a tertiary structure called domains
25%
what is the main use of phospholipids and glycolipids in eukaryotes ? membranes
22%
what is the allosteric effector involved in haemoglobin ? oxygen
22%
what is the covalent bond that forms between two thiol side chains disulphide bridge
18%
in what form does the human body store fatty acids ? triglycerides
14%
which theory states that acids are proton donors and bases are proton acceptors Bronsted lowry theory
7%
what cofactor is tightly bound and often can only be removed by denaturation prosthetic group
7%
what three molecules are lipids made up of carbon oxygen hydrogen
5%
how many and what kind of bond does a polyunsaturated fatty acid have two or more double bonds
1%
No matching quizzes found
Score Distribution
Percent of People with Each Score
Percentile by Number Answered
Your Score History
You have not taken this quiz